000 02870cam a22005774i 4500
003 PE-LiUPU
005 20250731165452.0
008 150623s r 000 0 d
020 _a0802801102
035 _a(Sirsi) i9780802801104
040 _aPE-LiUPU
_bspa
_cPE-LiUPU
_erda
049 _aPRUA
082 0 4 _a221.7
_bITC
_221
100 1 _aGorman, Frank H.,
_eautor.
245 1 0 _aLeviticus :
_ba commentary on the book of; divine presence and community.
_n3 /
_cFrank H. Gorman.
264 1 _aGrand Rapids, Michigan :
_bWilliam B. Eerdmans Publishing Company,
_c1997.
300 _a163 páginas ;
_c21 centímetros
336 _atext
_2rdacontent
337 _aunmediated
_2rdamedia
338 _avolume
_2rdacarrier
490 0 _aInternational Theological Commentary ;
_v3
504 _aIncluye bibliografía.
505 0 _aThe sacrifices and offerings (1-7). -Ordination, founding, and tragedy (8-10). -Instructions on purity (11-16). -The holiness code (17-26). -Economics of the sanctuary (27).
526 _aSEG44
526 _aSEG26
526 _aP151
526 _aP150
526 _aP149
526 _aP146
526 _aP145
526 _aP126
526 _aP125
526 _aP92
526 _aP75
526 _aP74
526 _aP27
526 _aP15
630 _aBiblia.
_pA.T.
_pLevítico
_xComentarios.
942 _2ddc
_cBOOK
949 _aRC 221.7 ITC 3
_wDEWEY
_c1
_i45776
_d2015-10-15
_lCCODEBUL1
_mBUL
_q1
_r0
_sY
_tBOOK
_u2015-6-24
_xTEOLOGIA
_PP35
_0COMPRA
_o.CIRCNOTE. No olvidar cambiar la fecha de devolución!!!!!!!
_o.STAFF. Colección General
949 _aRC 221.7 ITC 3
_wDEWEY
_c2
_i45777
_d2015-10-15
_lCCODEBUL1
_mBUL
_q1
_r0
_sY
_tBOOK
_u2015-6-24
_xTEOLOGIA
_zUNKNOWN
_0COMPRA
_o.CIRCNOTE. No olvidar cambiar la fecha de devolución!!!!!!!
_o.STAFF. Colección General
949 _aRC 221.7 ITC 3
_wDEWEY
_c3
_i44466
_d2015-9-27
_lCCODEBUL1
_mBUL
_q1
_r0
_sY
_tBOOK
_u2015-6-24
_xTEOLOGIA
_zUNKNOWN
_0COMPRA
_o.CIRCNOTE. No olvidar cambiar la fecha de devolución!!!!!!!
_o.STAFF. Colección General
994 _aC0
_bPEPRU
596 _a1
999 _aRC 221.7 ITC 3
_wDEWEY
_c21343
_i45776
_d21343
_f2021-11-9
_g5
_lCCODEBUL1
_mBUL
_q2
_r1
_sY
_tBOOK
_u2015-6-24
_xTEOLOGIA
_PP35
_0COMPRA
_o.CIRCNOTE. No olvidar cambiar la fecha de devolución!!!!!!!
_o.STAFF. Colección General
999 _aRC 221.7 ITC 3
_wDEWEY
_c2
_i45777
_d2020-1-24
_f2021-11-9
_g5
_lCCODEBUL1
_mBUL
_q3
_r1
_sY
_tBOOK
_u2015-6-24
_xTEOLOGIA
_zUNKNOWN
_0COMPRA
_o.CIRCNOTE. No olvidar cambiar la fecha de devolución!!!!!!!
_o.STAFF. Colección General
999 _aRC 221.7 ITC 3
_wDEWEY
_c3
_i44466
_d2019-6-28
_f2021-11-8
_g5
_lCCODEBUL1
_mBUL
_q3
_r1
_sY
_tBOOK
_u2015-6-24
_xTEOLOGIA
_zUNKNOWN
_0COMPRA
_o.CIRCNOTE. No olvidar cambiar la fecha de devolución!!!!!!!
_o.STAFF. Colección General
980 _81
_gALBERTO SANCHEZ Responsable de Automatización